Djibouti : Technical Assistance Report-External Sector Statistics.

An external sector statistics (ESS) mission visited Djibouti from January 26-30, 2020. This was the fourth mission under the JSA/AFR project to improve ESS in 17 Francophone African countries. The mission found that significant data on direct investment (DI) have not been incorporated in either the...

Descripció completa

Dades bibliogràfiques
Autor corporatiu: International Monetary Fund. Statistics Dept
Format: Revista
Idioma:English
Publicat: Washington, D.C. : International Monetary Fund, 2021.
Col·lecció:IMF Staff Country Reports; Country Report ; No. 2021/004
Accés en línia:Full text available on IMF
LEADER 01458cas a2200241 a 4500
001 AALejournalIMF021439
008 230101c9999 xx r poo 0 0eng d
020 |c 5.00 USD 
020 |z 9781513566009 
022 |a 1934-7685 
040 |a BD-DhAAL  |c BD-DhAAL 
110 2 |a International Monetary Fund.  |b Statistics Dept. 
245 1 0 |a Djibouti :   |b Technical Assistance Report-External Sector Statistics. 
264 1 |a Washington, D.C. :  |b International Monetary Fund,  |c 2021. 
300 |a 1 online resource (15 pages) 
490 1 |a IMF Staff Country Reports 
500 |a <strong>Off-Campus Access:</strong> No User ID or Password Required 
500 |a <strong>On-Campus Access:</strong> No User ID or Password Required 
506 |a Electronic access restricted to authorized BRAC University faculty, staff and students 
520 3 |a An external sector statistics (ESS) mission visited Djibouti from January 26-30, 2020. This was the fourth mission under the JSA/AFR project to improve ESS in 17 Francophone African countries. The mission found that significant data on direct investment (DI) have not been incorporated in either the balance of payments or international investment position (IIP) statistics since 2017. 
538 |a Mode of access: Internet 
830 0 |a IMF Staff Country Reports; Country Report ;  |v No. 2021/004 
856 4 0 |z Full text available on IMF  |u http://elibrary.imf.org/view/journals/002/2021/004/002.2021.issue-004-en.xml  |z IMF e-Library